| 000 | 01918cam a22002774a 4500 | ||
|---|---|---|---|
| 001 | 17001471 | ||
| 005 | 20141016133411.0 | ||
| 008 | 111017s2012 xxka frbd 001 0 eng d | ||
| 010 | _a2011038606 | ||
| 020 | _a9780415683968 (hardback) | ||
| 020 | _a9780415683975 (paperback) | ||
| 040 |
_aDLC _cDLC _dDLC _dEG-ScBUE |
||
| 082 | 0 | 0 |
_a616.89 _222 _bCAR |
| 100 | 1 |
_aCarr, Alan, _d1957- _936235 |
|
| 245 | 1 | 0 |
_aClinical psychology : _ban introduction / _cAlan Carr. |
| 260 |
_aHove, United Kingdom : _aNew York, United States : _bRoutledge, _c2012. |
||
| 300 |
_axv, 395 p. : _bill. ; _c25 cm. |
||
| 500 | _aGlossary : p. 330-341. | ||
| 500 | _aIndex : p. 387-395. | ||
| 504 | _aBibliography : p. 342-386. | ||
| 520 | _aClinical psychology: An Introduction is for students studying clinical psychology as part of an undergraduate programme in psychology, nursing, sociology or social and behavioural sciences. Undergraduate students who wish to know if postgraduate study in clinical psychology would be of interest to them will find this book particularly useful. The book will inform students about - the profession of clinical psychology - how to get onto a clinical psychology postgraduate training programme - the way clinical psychologists work with children, adolescents and adults with common psychological problems - the main models of practice used by clinical psychologists, and - the scientific evidence for the effectiveness of psychological interventions. There is a focus on both clinical case studies and relevant research, and the book includes chapter plans, summaries, revision questions, advice on further reading and glossaries of key terms, all of which make it a brief student-friendly introduction to an exceptionally interesting subject. | ||
| 650 | 0 |
_aClinical psychology _vTextbooks. _936236 |
|
| 653 |
_bPPhrm _cOctober2014 |
||
| 655 |
_vreading book _934232 |
||
| 942 |
_2ddc _k616.89 CAR |
||
| 999 |
_c18463 _d18435 |
||